1916 1894 1556 1344 1871 1395 1864 1661 1970 1780 1568 1689 1179 1630 1302 1144 1738 1668 1990 1436 1926 1216 1544 1739 1464 1000 1687 1939 1711 1977 1839 1229 1158 1869 1909 1007 1135 1625 1101 1192 1881 1597 1882 1434 1103 1605 1531 1517 1731 1837 1690 1475 1068 1504 1462 1736 1889 1912 1868 1363 1755 1913 1802 1976 1816 1173 1657 1330 1747 1896 1530 1553 1965 1190 1809 1804 1522 1850 1145 1857 1637 1466 1677 1019 1630 1634 1547 1580 1650 1343 1324 1022 1863 1170 1697 1969 1055 1627 1231 BCNSPRNW ULIB Ver.6.0+V

เปลี่ยนเป็นภาษาไทย

Change to English
 แสดงรายละเอียดบรรณานุกรม
  กลับหน้าหลัก

Brief Record : Get Marc (ISO 2709) : E-mail record : QR code < ปิดหน้าต่าง
LEADER : 00000nam 2200000uu 4500
001    13399111409
003     ULIB
008    110624s2551||||th 000 0 tha d
020    9789741109784
060 04 WY100^bก492 2551
245 00 การพยาบาลพื้นฐาน :^bแนวคิดและการปฏิบัติ /^cผู้เรียบเรียงกรรณิการ์ ภังคานนท์ ... [และคนอื่นๆ] ; สุปาณี เสนาดิสัย, วรรณภา ประไพพานิช, บรรณาธิการ
250    พิมพ์ครั้งที่ 12 (ปรับปรุงครั้งที่ 2)
260    [กรุงเทพ] :^bโรงเรียนพยาบาลรามาธิบดี,^c2551
300    761 หน้า :^bภาพประกอบ ;^c26 ซม.
591     LIRA : มีปี 2554 พิมพ์ครั้งที่ 13
650  7 การพยาบาล
650  7 การพยาบาล, การบริการ
700 0  กรรณิการ์ ภังคานนท์
700 0  สุปาณี เสนาดิสัย,^eบรรณาธิการ
700 0  วรรณภา ประไพพานิช,^eบรรณาธิการ
710 2  โรงเรียนพยาบาลรามาธิบดี
945    ^p450^l0^i15629
945    ^p450^l0^i15628
945    ^p450^l0^i15627
945    ^p450^l0^i15626
945    ^p450^l0^i15630
995     เกษร
999 ^a ใช้งานได้ทุกระบบ
รายการนี้ยังไม่มีแท็ก
คุณยังไม่ได้ล็อกอิน คุณสามารถมีกิจกรรมร่วมกับเว็บไซต์ได้ แต่ต้องล็อกอินก่อน ::
  ล็อกอิน

รายการสื่อสารสนเทศ

ลำดับที่ ประเภท เลขเรียก/บาร์โค้ด สถานที่ สถานะ
- ไม่พบข้อมูล -

รายการใกล้เคียง
    หัวเรื่อง [การพยาบาล]
    หัวเรื่อง [การพยาบาล, การบริการ]

BibComment


ยังไม่เคยถูกคอมเมนท์

คอมเมนท์ทรัพยากรรายการนี้
  คอมเมนท์: การพยาบาลพื้นฐาน ..


 Copyright 2026. Bcnsprnw @Library